| 000 | 00526nam a2200181 i 4500 | ||
|---|---|---|---|
| 001 | 32902 | ||
| 003 | ES-MaACL | ||
| 005 | 20230906154647.0 | ||
| 007 | t| | ||
| 008 | 030131s1920 sp ||||1| spa d | ||
| 100 | 1 |
_aBenlliure y Tuero, Mariano, _d1888-1951 _927717 |
|
| 245 | 1 | 0 |
_aAnte el enigma _b: (ensayos) / _cMariano Benlliure y Tuero. |
| 260 |
_aMadrid : _b[s.n., _c1920] ( _fMario Anguiano) |
||
| 300 |
_a156 p. ; _c19 cm. |
||
| 852 |
_aES-MaACL _jF-7441 |
||
| 852 |
_aES-MaACL _jF-8988 |
||
| 999 |
_c32902 _d32902 |
||